[Event "Barcelona Sant Marti op-B 21st"]
[Site "Barcelona"]
[Date "2019.07.15"]
[Round "3"]
[White "Maqueda Berdugo, Francisco"]
[Black "Cassi de la Viuda, Alex"]
[Result "0-1"]
[WhiteElo "1729"]
[BlackElo "1521"]
[PlyCount "72"]
[EventDate "2019.07.13"]
[EventType "swiss"]
[EventRounds "9"]
[EventCountry "ESP"]
[SourceTitle "EXT 2020"]
[Source "ChessBase"]
[SourceDate "2019.10.17"]
[SourceVersion "1"]
[SourceVersionDate "2019.10.17"]
[SourceQuality "1"]

1. e4 c5 2. Nf3 a6 3. c4 d6 4. Nc3 Bg4 5. h3 Bh5 6. g4 Bg6 7. Nh4 Nc6 8. Nxg6 fxg6 9. Bg2 e6 10. b3 Be7 11. Bb2 Bf6 12. Rb1 Nge7 13. Ne2 Bxb2 14. Rxb2 e5 15. 0-0 g5 16. Qc1 Ng6 17. Qc3 Nf4 18. Nxf4 gxf4 19. a3 Nd4 20. Re1 Qh4 21. b4 f3 22. Bf1 0-0 23. bxc5 dxc5 24. Rxb7 Rab8 25. Qb2 Ne2+ 26. Bxe2 fxe2 27. Rxe2 Rxb7 28. Qxb7 Qxh3 29. Re3 Qxg4+ 30. Rg3 Qd1+ 31. Kg2 Rf7 32. Qc8+ Rf8 33. Qe6+ Rf7 34. Qe8+ Rf8 35. Qxe5 Rf7 36. Rxg7+ Rxg7+ 0-1

[Event "Barcelona Sant Marti op-B 20th"]
[Site "Barcelona"]
[Date "2018.07.19"]
[Round "7"]
[White "Cassi de la Viuda, Alex"]
[Black "Jimenez Molina, Victor"]
[Result "1-0"]
[WhiteElo "1489"]
[BlackElo "1710"]
[PlyCount "75"]
[EventDate "2018.07.13"]
[EventType "swiss"]
[EventRounds "9"]
[EventCountry "ESP"]
[SourceTitle "EXT 2019"]
[Source "ChessBase"]
[SourceDate "2018.10.10"]
[SourceVersion "1"]
[SourceVersionDate "2018.10.10"]
[SourceQuality "1"]

1. e4 e5 2. Nf3 Nc6 3. Bb5 a6 4. Bxc6 dxc6 5. d3 Bd6 6. h3 f6 7. Be3 Be6 8. Nbd2 Qd7 9. a3 Ne7 10. Qe2 0-0-0 11. 0-0-0 g5 12. g4 h5 13. Nh2 hxg4 14. Nxg4 Ng8 15. d4 Rxh3 16. Rxh3 Bxg4 17. Rf3 Bxa3 18. dxe5 Be7 19. exf6 Bxf6 20. Rg1 Qe6 21. Rxg4 Qxg4 22. Qc4 Rxd2 23. Kxd2 Qxf3 24. Qxg8+ Bd8 25. Qe6+ Kb8 26. Qe8 Qf6 27. e5 Qe7 28. Qxe7 Bxe7 29. Kd3 Kc8 30. Ke4 Kd7 31. Kf5 b5 32. Bxg5 Bxg5 33. Kxg5 Ke6 34. f4 a5 35. f5+ Kxe5 36. f6 Ke6 37. Kg6 b4 38. f7 1-0

[Event "Barcelona Sant Marti op-B 20th"]
[Site "Barcelona"]
[Date "2018.07.13"]
[Round "1"]
[White "Gonzalez Lafita, Oscar"]
[Black "Cassi de la Viuda, Alex"]
[Result "1-0"]
[WhiteElo "1849"]
[BlackElo "1489"]
[PlyCount "135"]
[EventDate "2018.07.13"]
[EventType "swiss"]
[EventRounds "9"]
[EventCountry "ESP"]
[SourceTitle "EXT 2019"]
[Source "ChessBase"]
[SourceDate "2018.10.10"]
[SourceVersion "1"]
[SourceVersionDate "2018.10.10"]
[SourceQuality "1"]

1. d4 d5 2. Nf3 c6 3. c4 Nf6 4. Nc3 e6 5. cxd5 exd5 6. Bg5 Bb4 7. Qc2 Nbd7 8. e3 Qa5 9. Bd3 h6 10. Bf4 Nh5 11. Be5 Nhf6 12. 0-0 Nxe5 13. Nxe5 Bd6 14. Nf3 Bg4 15. Be2 Bxf3 16. Bxf3 Qc7 17. h3 0-0 18. Rac1 Qd7 19. Qa4 Rfe8 20. b4 Be7 21. Qb3 b5 22. a4 a6 23. a5 Qd6 24. Rb1 Ra7 25. Ne2 Ne4 26. Qc2 Nf6 27. Nf4 Qd7 28. Rfc1 Rc7 29. Rb2 Bd6 30. Nd3 Qe7 31. Qb3 Rec8 32. Nc5 Bxc5 33. Rxc5 Ne4 34. Bxe4 Qxe4 35. Rbc2 Qe6 36. Rc1 Qe4 37. R5c2 Qe6 38. Qc3 Qd6 39. Qe1 Qe6 40. Qe2 Qe7 41. Rc5 Qd6 42. Qg4 Kf8 43. Qf5 Kg8 44. e4 Qe6 45. Qxe6 fxe6 46. e5 Kf7 47. R5c3 Kg6 48. Rf3 Rf7 49. Rcc3 Rcc7 50. Rg3+ Kh7 51. Rgf3 Kg8 52. Kh2 Rxf3 53. Rxf3 Rf7 54. Kg3 Rxf3+ 55. Kxf3 g5 56. h4 Kg7 57. h5 Kf7 58. Kg4 Kg7 59. f4 gxf4 60. Kxf4 Kf7 61. g4 Kg7 62. g5 hxg5+ 63. Kxg5 Kf7 64. h6 c5 65. dxc5 d4 66. Kf4 Kg6 67. c6 Kxh6 68. c7 1-0

[Event "Barcelona Sant Marti op-B 17th"]
[Site "Barcelona"]
[Date "2015.07.16"]
[Round "4"]
[White "Cassi de la Viuda, Alex"]
[Black "Gomez Guinovart, Josep Manel"]
[Result "0-1"]
[WhiteElo "1727"]
[BlackElo "1861"]
[PlyCount "50"]
[EventDate "2015.07.13"]
[EventType "swiss"]
[EventRounds "9"]
[EventCountry "ESP"]
[SourceTitle "EXT 2016"]
[Source "ChessBase"]
[SourceDate "2015.10.08"]
[SourceVersion "1"]
[SourceVersionDate "2015.10.08"]
[SourceQuality "1"]

1. e4 e6 2. d4 d5 3. Nc3 Nf6 4. e5 Nfd7 5. Nf3 a6 6. Bd3 c5 7. Be3 cxd4 8. Nxd4 Nxe5 9. 0-0 Nxd3 10. Nf3 Nxb2 11. Qd4 Nc4 12. Qf4 Qf6 13. Qc7 Qd8 14. Qg3 Nxe3 15. fxe3 g6 16. Ng5 f6 17. Qf3 Qe7 18. Qxf6 Qxf6 19. Rxf6 Bg7 20. Nxe6 Bxf6 21. Nc7+ Kd7 22. Nxa8 Bxc3 23. Nb6+ Kc6 24. Rb1 Bf5 25. Rb3 Ba5 0-1

[Event "Barcelona Sant Marti op-B 17th"]
[Site "Barcelona"]
[Date "2015.07.14"]
[Round "2"]
[White "Cassi de la Viuda, Alex"]
[Black "Romero Funieles, Rafael de Jesus"]
[Result "0-1"]
[WhiteElo "1727"]
[BlackElo "1893"]
[PlyCount "36"]
[EventDate "2015.07.13"]
[EventType "swiss"]
[EventRounds "9"]
[EventCountry "ESP"]
[SourceTitle "EXT 2016"]
[Source "ChessBase"]
[SourceDate "2015.10.08"]
[SourceVersion "1"]
[SourceVersionDate "2015.10.08"]
[SourceQuality "1"]

1. e4 e6 2. d4 Be7 3. Nf3 d6 4. Bd3 h6 5. Nc3 a6 6. 0-0 Nd7 7. Re1 e5 8. dxe5 dxe5 9. Bc4 Ngf6 10. Be3 Bd6 11. Nd2 Nc5 12. Bxc5 Bxc5 13. Nd5 Ng4 14. Rf1 c6 15. Nc3 0-0 16. Qf3 Qxd2 17. Rad1 Qf4 18. Qd3 Qxh2# 0-1

[Event "Barcelona Sant Marti op-B 16th"]
[Site "Barcelona"]
[Date "2014.07.21"]
[Round "9"]
[White "Romeo Ros, Joaquin"]
[Black "Cassi de la Viuda, Alex"]
[Result "0-1"]
[WhiteElo "1858"]
[BlackElo "1700"]
[PlyCount "46"]
[EventDate "2014.07.13"]
[EventType "swiss"]
[EventRounds "9"]
[EventCountry "ESP"]
[SourceTitle "CBM 161 Extra"]
[Source "ChessBase"]
[SourceDate "2014.08.29"]
[SourceVersion "1"]
[SourceVersionDate "2014.08.29"]
[SourceQuality "1"]

1. d4 d5 2. c4 e6 3. Nc3 Nf6 4. Nf3 Nbd7 5. e3 c6 6. Bd3 Bb4 7. 0-0 h6 8. Qe2 Bxc3 9. bxc3 Ne4 10. Qc2 Ndf6 11. Ba3 Qa5 12. Bb4 Qb6 13. Rab1 Qc7 14. Ne5 c5 15. dxc5 Nxc5 16. cxd5 Nxd3 17. Qa4+ Bd7 18. Nxd7 Qxd7 19. Qxd7+ Nxd7 20. Bd6 b6 21. Rfd1 N3c5 22. c4 Ne4 23. Ba3 Nc3 0-1

[Event "Barcelona Sant Marti op-B 16th"]
[Site "Barcelona"]
[Date "2014.07.20"]
[Round "8"]
[White "Cassi de la Viuda, Alex"]
[Black "Sanchez Viana, Jordi"]
[Result "0-1"]
[WhiteElo "1700"]
[BlackElo "1862"]
[PlyCount "60"]
[EventDate "2014.07.13"]
[EventType "swiss"]
[EventRounds "9"]
[EventCountry "ESP"]
[SourceTitle "CBM 161 Extra"]
[Source "ChessBase"]
[SourceDate "2014.08.29"]
[SourceVersion "1"]
[SourceVersionDate "2014.08.29"]
[SourceQuality "1"]

1. e4 c5 2. Nf3 Nc6 3. d4 cxd4 4. Nxd4 d6 5. c4 Nf6 6. Nc3 g6 7. Be3 Bg7 8. f3 0-0 9. Qd2 Bd7 10. 0-0-0 Rc8 11. Kb1 Ne5 12. b3 a5 13. a4 Nc6 14. Ndb5 Be6 15. h4 Nd7 16. Bh6 Nc5 17. Ka2 Nb4+ 18. Ka3 f5 19. Bxg7 Kxg7 20. h5 Rh8 21. hxg6 hxg6 22. Qd4+ Kf7 23. Rxh8 Qxh8 24. Qxh8 Rxh8 25. exf5 Bxf5 26. g4 Bc2 27. Re1 Rh1 28. Nd1 Ncd3 29. Re2 Rxf1 30. Ne3 Ra1# 0-1

[Event "Barcelona Sant Marti op-B 16th"]
[Site "Barcelona"]
[Date "2014.07.14"]
[Round "2"]
[White "Cassi de la Viuda, Alex"]
[Black "Gonzalez Alonso, Marti"]
[Result "0-1"]
[WhiteElo "1700"]
[BlackElo "1844"]
[PlyCount "122"]
[EventDate "2014.07.13"]
[EventType "swiss"]
[EventRounds "9"]
[EventCountry "ESP"]
[SourceTitle "CBM 161 Extra"]
[Source "ChessBase"]
[SourceDate "2014.08.29"]
[SourceVersion "1"]
[SourceVersionDate "2014.08.29"]
[SourceQuality "1"]

1. e4 e5 2. Nf3 Nf6 3. d4 Nxe4 4. Nxe5 d6 5. Nf3 d5 6. Nc3 Bb4 7. Bd2 0-0 8. Bd3 Bxc3 9. bxc3 Bg4 10. h3 Nxd2 11. Qxd2 Bxf3 12. gxf3 Re8+ 13. Kd1 Qf6 14. Be2 Nd7 15. Kc1 Nb6 16. f4 Re7 17. c4 dxc4 18. c3 Rae8 19. Bf3 c6 20. Kc2 Qf5+ 21. Kb2 Qd3 22. Qxd3 cxd3 23. Kb3 d2 24. Rad1 Re1 25. Rxd2 Rxh1 26. Bxh1 Re1 27. Bg2 Kf8 28. d5 cxd5 29. Bxd5 Nxd5 30. Rxd5 Ke7 31. Rc5 Kd6 32. Rg5 g6 33. f5 Re5 34. Kc4 h6 35. Rg3 Rc5+ 36. Kb4 Rxf5 37. Rd3+ Rd5 38. Re3 Rd2 39. Rf3 Ke6 40. Re3+ Kf6 41. Rf3+ Kg7 42. h4 Rxa2 43. Kc5 Ra5+ 44. Kd4 Rf5 45. Rxf5 gxf5 46. Kc5 Kg6 47. Kd6 a5 48. Kc5 Kh5 49. Kb5 b6 50. Ka4 Kxh4 51. c4 Kg4 52. Kb3 h5 53. Kc3 h4 54. Kd2 h3 55. Ke1 h2 56. f3+ Kxf3 57. Kd2 h1Q 58. Kc3 Ke3 59. Kc2 Kd4 60. Kb3 Qb1+ 61. Ka4 Qb4# 0-1